History Quiz

Random History or Clickable Quiz

The Same Year As: General History Ed. Quiz Stats

Quiz Updated Nov 22, 2015

Also try: One Year Earlier
Challenge
Share
Tweet
Embed
Score 0/20 Timer 06:00
5 Plays Today
% Correct
Columbus reaches the New World
78.7%
The Declaration of Independence is signed
78.4%
French Revolution begins
73.2%
The Battle of Hastings
69.6%
King John signs the Magna Carta
68.2%
Basketball is invented
59.1%
Herod the Great dies
58.9%
Lewis and Clark expedition begins
58.6%
William Shakespeare born
57.9%
Mt. Vesuvius erupts
57.5%
% Correct
Charlemagne rules the Holy Roman Empire
57%
Dickens publishes 'Oliver Twist'
56.6%
The Circus Flaminius is built in Rome
55.3%
Erik the Red colonizes Greenland
52.2%
Church of the Nativity built in Bethlehem
49%
Act of Union creates Great Britain
48.5%
Zoroaster dies
47.8%
Leonardo Da Vinci dies
47.2%
Kingdom of Italy established
38.3%
Vlad the Impaler is born
33.8%

You're not logged in!

Compare scores with friends on all Sporcle quizzes.
Sign Up with Email
OR
Log In

You Might Also Like...

Show Comments

Extras

Top Quizzes Today


Score Distribution

Your Account Isn't Verified!

In order to create a playlist on Sporcle, you need to verify the email address you used during registration. Go to your Sporcle Settings to finish the process.

Report this User

Report this user for behavior that violates our Community Guidelines.

Details: